000 00619nam a2200253Ia 4500
003 OSt
005 20220928121111.0
006 a|||||r|||| 00| 0
007 ta
008 220927b |||||||| |||| 00| 0 eng d
024 _a65844
037 _cTextual
040 _aSDCL
_cSDCL
_beng
041 _2eng
_aeng
082 _aX62, P5
100 _aAgarwal H C
_9451570
245 0 _aBanking law and practice
250 _a6
260 _aAgra
_bSwan Publications
_c2005
300 _axii,646p
_ccm.
650 _aBanking
942 _hX62, P5
_cTEXL
_2CC
999 _c765619
_d765619